| 000 | 00575nam a22002057a 4500 | ||
|---|---|---|---|
| 003 | OSt | ||
| 005 | 20151110214221.0 | ||
| 008 | 151110b xxu||||| |||| 00| 0 eng d | ||
| 020 | _a9780878935659 | ||
| 040 | _cDDC | ||
| 082 | _a571.2 TAI 2010 | ||
| 100 |
_aTaiz, Lincoln; Zeiger, Eduardo _96088 |
||
| 245 | _aPlant physiology | ||
| 250 | _a5th ed. | ||
| 260 |
_aSaunderland; _bSinuer associates, _c2010 |
||
| 300 | _axxxiv,782p; col.ill: 28.5cm | ||
| 504 | _aReferences, appendices,glossary, & indices included | ||
| 650 |
_aPlant physiology _96089 |
||
| 942 |
_2z _cO_SHELF |
||
| 999 |
_c2507 _d2507 |
||